| 000 | 00788nam a2200193 a 4500 | ||
|---|---|---|---|
| 001 | 000035142 | ||
| 005 | 20200930074130.0 | ||
| 008 | 111025s1909 sp 000 0 spa d | ||
| 040 |
_aDO-SdBNP _bspa _cBNPHU |
||
| 082 | 1 | _axxxx | |
| 100 | 1 |
_aPérez Fernández, Pedro _d(1885-1956.) _960845 |
|
| 245 | 1 | 0 |
_aÁ la vera del queré : _bsainete andaluz en un acto, dividido en dos cuadros / _clibro de Pedro Pérez Fernández y José Gamero ; música del maestro Alvarez del Castillo. |
| 260 |
_aMadrid : _bSociedad de Autores Españoles, _c1909. |
||
| 300 |
_a42 p. ; _c21 cm. |
||
| 500 | _aEstreno: Teatro Cómico, 10 de julio de 1909. | ||
| 700 | 1 |
_aGamero, José, _d(1865-1915) _960846 |
|
| 700 | 1 |
_aCastillo ,Alvarez del Amadeo _960847 |
|
| 700 | 1 |
_aVives, Amadeo, _d(1871-1932), _emús. _960848 |
|
| 999 |
_c34633 _d34633 |
||